Statystyki dla Przystanki lini 19 w MZK Starogard Gdański

Kliknij tutaj aby rozwiązać quiz!

Ogólne statystyki

  • Ten quiz został rozwiązany 16 razy
    (13 od ostatniego zresetowania)
  • Średni wynik to 10 z 30

Statystyki odpowiedzi

lp.przystanki% Poprawnych
22Rynek
100%
14Hallera
64%
27żabno
64%
7Derdowskiego
55%
8Derdowskiego - Broker
45%
12Gdańska -Nadleśnictwo
45%
13Gdańska -PKS
45%
16Kocborowo
45%
19Lubichowska - Netto
45%
23Szkoła Nr1
45%
20Nowa Wieś Rzeczna
36%
21Pomorska
36%
2al. Niepodległości
27%
3Balewskiego
27%
6Cmentarz Łapiszewo
27%
9Droga Nowowiejska-Mcdonald's
27%
10Droga Nowowiejska-Rzeczna
27%
11Gdańska -Famos
27%
15Juranda
27%
17Kryzana
27%
18Łapiszewo
27%
1al. Jana Pawła 2
18%
4Bp. Dominika-Dąbka
18%
5Bp.Dominika- Kleberga
18%
24Wiejska-Boczna
18%
25Wiejska-Brejskiego
18%
26Wiejska-Skrzyżowanie
18%
28Zblewska-Borówkowa
18%
29Zblewska-Juranda
18%
30Zblewska-Malinowa
18%

Rozkład punktacji

Percentyl według liczby udzielonych odpowiedzi

Procent ludzi z każdym wynikiem

Twoja historia wyników

Nie rozwiązałeś tego quizu od ostatniego zresetowania